000 00800nam a2200229 i 4500
001 108008
003 ES-MaACL
005 20230908063157.0
007 t|
008 070110s1943 sp ||||1| spa d
080 _a688.5(460.313 V.)
100 1 _aAlmela Mengot, Vicente.
_9234078
245 1 4 _aLos abanicos de Valencia /
_cVicente Almela Mengot.
260 _aMadrid :
_bBlass,
_c1943.
300 _a34 p., 8 lám. ;
_c21 cm.
490 1 _aPublicaciones de la Escuela de Artes y Oficios Artísticos de Madrid ;
_v13
650 1 4 _aAbanicos-
_zValencia.
_99559
710 2 _aEscuela de Artes y Oficios Artísticos (Madrid)
_93524
830 1 _aPublicaciones de la Escuela de Artes y Oficios Artísticos de Madrid ;
_v13
_9185495
852 _aES-MaACL
_jE-4423
999 _c108008
_d108008